000 01001nam a2200301Ia 4500
003 OSt
005 20221007123741.0
006 a|||||r|||| 00| 0
007 ta
008 221006b |||||||| |||| 00| 0 eng d
020 _a0521799651 (pbk)
024 _a10264
037 _bEducational,
_cTextual
040 _aCDL
_cCDL
_beng
041 _2eng
_aeng
082 _aE9G:f3, P0;4 Carc
100 _aWilson Keith Ed
_9408508
245 0 _aPractical biochemistry: Principles and techniques
_b Walker John Ed
250 _a5
260 _aCambridge
_bCambridge University Press
_c2000
300 _axviii, 784p. ill.
_ccm.
500 _aIncludes bibliograhical references; Index 771-784p; ^n23/CSL/CARC/2002-2003/587^d2003-01-03^mPurchase
650 _a Laboratory Manual
_9710073
650 _aBiochemistry
700 _a Walker John Ed
942 _hE9G:f3, P0;4 Carc
_cTEXL
_2CC
999 _c1212428
_d1212428